00677nam a2200169Ia 450000500170000000800410001702000180005808200230007610000250009924500760012426000400020030000140024044000350025494200070028999900190029695201920031520241030134907.0240126s9999 xx 000 0 und d a9780143426196 a338.0954 LAK;1 R aLakshmi Subramanian. 0aThree merchants of Bombay : business pioneers of the nineteenth century bPenguin Random HouseaHaryanac2012 axlii, 235 aThe stories of Indian business cPU c287265d287265 r2024-01-26 00:00:00l0o338.0954 LAK;1 RpPU9761h(04/07/1905)v201.78w2024-01-26yPU1040708MBA00K90277aMLbMLcMBAd2019-04-26eBook Paradiseg279.90EMBAGRSF1V78.12URupees